000 00509nam a2200181Ia 4500
003 OSt
005 20260107105727.0
008 210210b xxu||||| |||| 00| 0 eng d
040 _cAL
041 _aKannada
082 _a859/1368
100 _aMUNIVENKATAPPA (S M)
_9159713
_dಮುನಿವೆಂಕಟಪ್ಪ (ಎಸ್ ಎಂ )
245 _aPremapatragalu:
_bಪ್ರೇಮಪತ್ರಗಳು
260 _aBengaluru
_b-
690 _aKannada Fiction
_9159714
906 _a022103
942 _2ddc
_cBK
999 _c146209
_d146209